000 00319nam a22001217a 4500
040 _cHS
082 _a510
100 _aអ៊ុន ប៊ុនលាង
245 _aប្រូបាប៊ីលីតេ (​ probability)
260 _aRUA
_bអ៊ុន ប៊ុនលាង
_c2001
300 _a44p.
942 _cKB
999 _c8599
_d8599